000 00435nam a2200157Ia 4500
003 GCL
008 140319s9999 xx 000 0 ara d
040 _aGCL /
_cGCL
082 0 4 _aم
_b810.3
_bج م
100 1 _aجبور عبد النور
245 1 0 _aالمعجم العربى /
_cجبور عبد النور
490 _a
650 0 4 _aالادب العربى
650 0 4 _aالادب العربى - معاجم
942 _2ddc
_cBK
999 _c41696
_d41696